000 00552cam a22001337a 4500
008 180718b1959 xxu||||| |||| 00| 0 eng d
082 _aB835x42 Un3r/59m/28
100 _aUnited Kingdom. Royal Commission on Local Government in Greater London
245 _aRoyal Commission on local government in Greater London: minutes of evidence 28, twenty-eighth day, thursday, 2nd July, 1959
260 _aLondon
_bHer Majesty's Stationery Office
_c1959
300 _aP1101-1142
500 _aBound with B835x42 Un3r/59m/27-53
700 _aHerbert, Edwin, Chairman
999 _c392847
_d392847